Central Library and Information Centre
Sibsagar Girls' College, Sivasagar : Assam

ULEMA IN POLITICS (Record no. 29257)

MARC details
000 -LEADER
fixed length control field 00360nam a22001577a 4500
005 - DATE AND TIME OF LATEST TRANSACTION
control field 20230509145556.0
008 - FIXED-LENGTH DATA ELEMENTS--GENERAL INFORMATION
fixed length control field 230509b ||||| |||| 00| 0 eng d
040 ## - CATALOGING SOURCE
Transcribing agency
082 ## - DEWEY DECIMAL CLASSIFICATION NUMBER
Classification number 320
Item number QUR
100 ## - MAIN ENTRY--PERSONAL NAME
Personal name QURESHI, I
245 ## - TITLE STATEMENT
Title ULEMA IN POLITICS
250 ## - EDITION STATEMENT
Edition statement 1ST
260 ## - PUBLICATION, DISTRIBUTION, ETC.
Place of publication, distribution, etc. NEW DELHI
Name of publisher, distributor, etc. RENAISSANCE
Date of publication, distribution, etc. 1998
300 ## - PHYSICAL DESCRIPTION
Extent 432.p :
Dimensions 21CM
942 ## - ADDED ENTRY ELEMENTS (KOHA)
Source of classification or shelving scheme Dewey Decimal Classification
Koha item type Books
Holdings
Withdrawn status Lost status Source of classification or shelving scheme Damaged status Not for loan Collection code Home library Current library Date acquired Full call number Barcode Date last seen Price effective from Koha item type
    Dewey Decimal Classification     REFPSC Central Library and Information Centre Sibsagar Girls College Central Library and Information Centre Sibsagar Girls College 31.10.2017 320 QUR 40632 09.05.2023 09.05.2023 Books


Sibsagar Girl's College © 2020. All rights reserved.
Powered by Koha.
Maintained by Abhijit Borpuzari.